Section-by-section Comparison of Principal Provisions of S. 1125, as Introduced; and H.R. 7819, as Passed the House of Representatives, May 25, 1967 Together with State-by-state Tabular Comparisons of State Allotments under Title I Formulas of the Respective Measures Given a $1.2 Billion Appropriation Level.

Bibliographic Details
Corporate Authors: United States. Congress. Senate. Committee on Labor and Public Welfare. Subcommittee on Education, ProQuest (Firm)
Format: eBook
Language:English
Published: [Place of publication not identified] : [publisher not identified], 1967.
Series:U.S. Congressional Research.
Subjects:
Online Access:Connect to the full text of this electronic book

MARC

Tag First Indicator Second Indicator Subfields
LEADER 00000cam a22000001a 4500
001 in00003312721
006 m d f
007 cr bn mmmapmmp
008 100520s1967 dcu o f000 0 eng d
005 20260430152448.6
035 |a cis2007840728 
040 |a LexisNexis  |c LexisNexis  |d UtOrBLW 
043 |a n-us--- 
099 |a CMP-1967-LPW-0036 
110 1 |a United States.  |b Congress.  |b Senate.  |b Committee on Labor and Public Welfare.  |b Subcommittee on Education. 
245 1 0 |a Section-by-section Comparison of Principal Provisions of S. 1125, as Introduced; and H.R. 7819, as Passed the House of Representatives, May 25, 1967 Together with State-by-state Tabular Comparisons of State Allotments under Title I Formulas of the Respective Measures Given a $1.2 Billion Appropriation Level. 
264 1 |a [Place of publication not identified] :  |b [publisher not identified],  |c 1967. 
300 |a 1 online resource. 
336 |a text  |b txt  |2 rdacontent 
337 |a computer  |b c  |2 rdamedia 
338 |a online resource  |b cr  |2 rdacarrier 
500 |a Record is based on bibliographic data in LexisNexis U.S. Congressional Research Digital Collection (last viewed May 2010). Reuse except for individual research requires license from LexisNexis. 
500 |a Print. 
500 |a Electronic resource. 
610 1 0 |a United States.  |t Laws, etc. (Statutes of the United States) 
650 0 |a Federal government. 
650 0 |a Indians of North America. 
655 7 |a Electronic books.  |2 local 
710 2 |a ProQuest (Firm) 
776 0 8 |i Microfiche version:   |a United States. Congress. Senate. Committee on Labor and Public Welfare. Subcommittee on Education.  |t Section-by-section Comparison of Principal Provisions of S. 1125, as Introduced; and H.R. 7819, as Passed the House of Representatives, May 25, 1967 Together with State-by-state Tabular Comparisons of State Allotments under Title I Formulas of the Respective Measures Given a $1.2 Billion Appropriation Level.  |o S4455 
830 0 |a U.S. Congressional Research. 
856 4 0 |u http://proxy.library.tamu.edu/login?url=https://congressional.proquest.com/congcomp/getdoc?CRDC-ID=CMP-1967-LPW-0036  |z Connect to the full text of this electronic book  |t 0 
999 |a MARS 
999 f f |s 14993eab-ef9e-3720-8e6e-9d4729220b32  |i 6a549939-89a8-362f-b4e2-a3bf3d641771  |t 0 
952 f f |a Texas A&M University  |b College Station  |c Electronic Resources  |s www_evans  |d Available Online  |t 0  |e CMP-1967-LPW-0036  |h Other scheme 
998 f f |a CMP-1967-LPW-0036  |t 0  |l Available Online